000 00534nam a2200181 a 4500
001 47323
005 20180714031226.0
008 140415s1984 000 0 spa d
020 _a0870944703
041 _aspa
082 _a658.16
_bKIM
100 1 _aKIMBERLY, JOHN R.
245 1 0 _aNEW FUTURES :
_bTHE CHALLENGE OF MANAGING CORPORATE TRANSITIONS
260 _a[s.l.] :
_bDOW JONES-IRWIN,
_c1984
300 _a322
650 1 4 _aADMINISTRACION
_xORGANIZACION
_xPLANIFICACION
700 1 _aQUINN, ROBERT E.
_ecoaut.
999 _c47323
_d47323